Capitals Without the Letters of “Abuja” - Statistics

General Stats
  • This quiz has been taken 6 times
  • The average score is 14 of 25
Answer Stats
Continents Capitals % Correct
Europe Helsinki
100%
Europe Oslo
100%
Europe Stockholm
100%
North America Kingston
75%
North America Kingstown
75%
Africa Lilongwe
75%
Africa Lomé
75%
Europe London
75%
North America Mexico City
75%
Europe Minsk
75%
South America Montevideo
75%
Europe Moscow
75%
Asia New Delhi
75%
Europe Rome
75%
Asia Dili
50%
South America Georgetown
50%
Africa Moroni
50%
Asia Tokyo
50%
Africa Freetown
25%
Europe Kiev
25%
Africa Porto-Novo
25%
Africa Windhoek
25%
Asia Phnom Penh
0%
Africa Tripoli
0%
Oceania Wellington
0%
No matching quizzes found
Score Distribution
Percent of People with Each Score
Percentile by Number Answered
Your Score History
You have not taken this quiz